Industrial instrumentation principles and design (Record no. 585462)

000 -LEADER
fixed length control field 00527nam a22001817a 4500
003 - CONTROL NUMBER IDENTIFIER
control field CEME
005 - DATE AND TIME OF LATEST TRANSACTION
control field 20210628210703.0
008 - FIXED-LENGTH DATA ELEMENTS--GENERAL INFORMATION
fixed length control field 210211b xxu||||| |||| 00| 0 eng d
020 ## - INTERNATIONAL STANDARD BOOK NUMBER
International Standard Book Number 1-85233-208-5
040 ## - CATALOGING SOURCE
Transcribing agency .
082 ## - DEWEY DECIMAL CLASSIFICATION NUMBER
Classification number 629.8 PAD
100 ## - MAIN ENTRY--PERSONAL NAME
Personal name Padmanabhan, Tattamangalam.R
9 (RLIN) 80545
245 ## - TITLE STATEMENT
Title Industrial instrumentation principles and design
260 ## - PUBLICATION, DISTRIBUTION, ETC.
Place of publication, distribution, etc. LONDON
Name of publisher, distributor, etc. SPRINGER
Date of publication, distribution, etc. 2000
300 ## - PHYSICAL DESCRIPTION
Extent 645P
650 ## - SUBJECT ADDED ENTRY--TOPICAL TERM
Topical term or geographic name entry element PROCESS CONTROL-INSTRUMENTS ELECTRONIC INSTRUMENTS MEASURING INSTRUMENTS
9 (RLIN) 80546
942 ## - ADDED ENTRY ELEMENTS (KOHA)
Koha item type Book
Source of classification or shelving scheme
Holdings
Withdrawn status Lost status Damaged status Not for loan Permanent Location Current Location Shelving location Date acquired Total Checkouts Full call number Barcode Date last seen Price effective from Koha item type
        College of Electrical & Mechanical Engineering (CEME) College of Electrical & Mechanical Engineering (CEME) General Stacks 07/10/2017   629.8 PAD CEME-34696 06/28/2021 06/28/2021 Book
© 2023 Central Library, National University of Sciences and Technology. All Rights Reserved.